Statistics for U.S. States That Border the Most States

Click here to take the quiz!

General Stats

  • This quiz has been taken 37 times
    (35 since last reset)
  • The average score is 11 of 15

Answer Stats

Number of Bordering StatesState% Correct
7Colorado
85%
6Illinois
85%
8Missouri
85%
8Tennessee
82%
6Utah
82%
6Arkansas
79%
6Iowa
79%
7Kentucky
79%
6Idaho
74%
6Nebraska
74%
6Pennsylvania
74%
6New York
71%
6Oklahoma
68%
6Wyoming
65%
6South Dakota
59%

Score Distribution

Percentile by Number Answered

Percent of People with Each Score

Your Score History

You have not taken this quiz since the last reset